<?xml version="1.0" encoding="UTF-8"?><?xml-stylesheet type="text/xsl" href="static/style.xsl"?><OAI-PMH xmlns="http://www.openarchives.org/OAI/2.0/" xmlns:xsi="http://www.w3.org/2001/XMLSchema-instance" xsi:schemaLocation="http://www.openarchives.org/OAI/2.0/ http://www.openarchives.org/OAI/2.0/OAI-PMH.xsd"><responseDate>2026-06-06T02:52:50Z</responseDate><request verb="GetRecord" identifier="oai:riuma.uma.es:10630/45565" metadataPrefix="marc">https://riuma.uma.es/rest/oai/request</request><GetRecord><record><header><identifier>oai:riuma.uma.es:10630/45565</identifier><datestamp>2026-02-20T00:46:14Z</datestamp><setSpec>com_10630_2254</setSpec><setSpec>col_10630_37953</setSpec></header><metadata><record xmlns="http://www.loc.gov/MARC21/slim" xmlns:dcterms="http://purl.org/dc/terms/" xmlns:doc="http://www.lyncode.com/xoai" xmlns:xsi="http://www.w3.org/2001/XMLSchema-instance" xsi:schemaLocation="http://www.loc.gov/MARC21/slim http://www.loc.gov/standards/marcxml/schema/MARC21slim.xsd">
   <leader>00925njm 22002777a 4500</leader>
   <datafield ind2=" " ind1=" " tag="042">
      <subfield code="a">dc</subfield>
   </datafield>
   <datafield ind2=" " ind1=" " tag="720">
      <subfield code="a">Masmudi-Martín, Mariam</subfield>
      <subfield code="e">author</subfield>
   </datafield>
   <datafield ind2=" " ind1=" " tag="720">
      <subfield code="a">López-Aranda, Manuel Francisco</subfield>
      <subfield code="e">author</subfield>
   </datafield>
   <datafield ind2=" " ind1=" " tag="720">
      <subfield code="a">Navarro-Lobato, Irene</subfield>
      <subfield code="e">author</subfield>
   </datafield>
   <datafield ind2=" " ind1=" " tag="720">
      <subfield code="a">Khan, Zafaruddin</subfield>
      <subfield code="e">author</subfield>
   </datafield>
   <datafield ind2=" " ind1=" " tag="260">
      <subfield code="c">2024-01-18</subfield>
   </datafield>
   <datafield ind2=" " ind1=" " tag="520">
      <subfield code="a">Perirhinal cortex is a brain area that has been considered crucial for the object recognition memory (ORM). However, with the use of an ORM enhancer named RGS14414 as gain-in-function tool, we show here that frontal association cortex and not the Perirhinal cortex is essential for the ORM of objects with complex features that consisted of detailed drawing on the object surface (complex ORM). An expression of RGS14414, in rat brain frontal association cortex, induced the formation of long-term complex ORM, whereas the expression of the same memory enhancer in Perirhinal cortex failed to produce this effect. Instead, RGS14414 expression in Perirhinal cortex caused the formation of ORM of objects with simple features that consisted of the shape of object (simple ORM). Further, a selective elimination of frontal association cortex neurons by treatment with an immunotoxin Ox7-SAP completely abrogated the formation of complex ORM. Thus, our results suggest that frontal association cortex plays a key role in processing of a high-order recognition memory information in brain.</subfield>
   </datafield>
   <datafield ind1="8" ind2=" " tag="024">
      <subfield code="a">Masmudi-Martín M, López-Aranda MF, Navarro-Lobato I, Khan ZU. A role of frontal association cortex in long-term object recognition memory of objects with complex features in rats. Eur J Neurosci. 2024;59(7):1743-1752. doi:10.1111/ejn.16243</subfield>
   </datafield>
   <datafield ind1="8" ind2=" " tag="024">
      <subfield code="a">https://hdl.handle.net/10630/45565</subfield>
   </datafield>
   <datafield ind1="8" ind2=" " tag="024">
      <subfield code="a">10.1111/ejn.16243</subfield>
   </datafield>
   <datafield ind2="0" ind1="0" tag="245">
      <subfield code="a">A role of frontal association cortex in long-term object recognition memory of objects with complex features in rats</subfield>
   </datafield>
</record>
</metadata></record></GetRecord></OAI-PMH>